| 000 -LEADER |
| fixed length control field |
00902nam a22002415i 4500 |
| 001 - CONTROL NUMBER |
| control field |
21315503 |
| 005 - DATE AND TIME OF LATEST TRANSACTION |
| control field |
20221107112855.0 |
| 008 - FIXED-LENGTH DATA ELEMENTS--GENERAL INFORMATION |
| fixed length control field |
191129s2016 pau 000 0 eng |
| 020 ## - INTERNATIONAL STANDARD BOOK NUMBER |
| International Standard Book Number |
9781455775675 1 |
| 041 ## - LANGUAGE CODE |
| Language code of text/sound track or separate title |
eng |
| 080 ## - UNIVERSAL DECIMAL CLASSIFICATION NUMBER |
| Universal Decimal Classification number |
616.6 C-18 |
| 245 10 - TITLE STATEMENT |
| Title |
Campbell-walsh urology : |
| Statement of responsibility, etc. |
Alan J. Wein, Thomas F. Kolon, Alan W. Partin, Roger R. Dmochowski, Louis R. Kavoussi, Craig A. Peters. |
| Remainder of title |
Volume 3 / |
| 250 ## - EDITION STATEMENT |
| Edition statement |
Eleventh edition |
| 264 #1 - PRODUCTION, PUBLICATION, DISTRIBUTION, MANUFACTURE, AND COPYRIGHT NOTICE |
| Place of production, publication, distribution, manufacture |
Philadelphia : |
| Name of producer, publisher, distributor, manufacturer |
Elsevier, Inc., |
| Date of production, publication, distribution, manufacture, or copyright notice |
2016 |
| 300 ## - PHYSICAL DESCRIPTION |
| Extent |
2822 p. |
| Other physical details |
30 cm. |
| 653 ## - INDEX TERM--UNCONTROLLED |
| keyword |
მედიცინა |
| 653 ## - INDEX TERM--UNCONTROLLED |
| keyword |
უროლოგია |
| 700 1# - ADDED ENTRY--PERSONAL NAME |
| Personal name |
Partin, Alan W., |
| Relator term |
რედაქტორი |
| 9 (RLIN) |
9486 |
| 700 1# - ADDED ENTRY--PERSONAL NAME |
| Personal name |
Kavoussi, Louis R., |
| Relator term |
რედაქტორი |
| 9 (RLIN) |
9481 |
| 700 1# - ADDED ENTRY--PERSONAL NAME |
| Personal name |
Partin, Alan W. |
| Relator term |
რედაქტორი |
| 9 (RLIN) |
9487 |
| 700 1# - ADDED ENTRY--PERSONAL NAME |
| Personal name |
Peters, Craig A., |
| Relator term |
რედაქტორი |
| 9 (RLIN) |
9483 |
| 942 ## - ADDED ENTRY ELEMENTS (KOHA) |
| Source of classification or shelving scheme |
|
| Koha item type |
წიგნი |